000 00326nam a2200157Ia 4500
100 _aNone
250 _a3
942 _cBK
654 _amathematics
245 _aModel Solutions for Applied Mathematics II
260 _bNandu Pub
_aLondon
_c1998
082 _a519
300 _a250
546 _aENGLISH
999 _c25190
_d25190